000 00590nam a2200217Ia 4500
005 20230516131041.0
008 131103s9999 xx 000 0 und d
020 _a8131602354
_cRs.595.00
040 _aLoreto College
041 _aEnglish
082 _a330.9
_bHOD
100 _aHodder,B.W.
245 _aEconomic geography
_cB.W.Hodder and Roger Lee
260 _aJaipur
_bRawat Publications
_c2008
300 _axvi,207p
_b ill
504 _aIncludes bibliographical references and index
650 _aEconomic geography
700 _aLee,Roger
850 _aLCLIB
942 _cBK
999 _c38054
_d88533